Score 0/11 Timer 04:00
2 Plays Today
Scramble Answer % Correct
NRBUBurn
98.7%
CKATTAAttack
95.5%
RUMUMRMurmur
93.2%
ISEASEDDisease
92.6%
YRNHUGHungry
91.2%
ZARYCCrazy
90.8%
KENROBBroken
90.5%
BORHTThrob
89.7%
TSAEBBeats
68.4%
Word in common with all of the aboveHeart
67.1%
MBREACHChamber
61.9%
Remove Ads.
Support Sporcle.
Get the best of Sporcle when you Go Orange. This ad-free experience offers more features, more stats, and more fun while also helping to support Sporcle. Thank you for becoming a member.

You're not logged in!

Compare scores with friends on all Sporcle quizzes.
OR
Log In

Show Comments

Extras

Top Quizzes Today


Score Distribution

Your Account Isn't Verified!

In order to create a playlist on Sporcle, you need to verify the email address you used during registration. Go to your Sporcle Settings to finish the process.

Report this User

Report this user for behavior that violates our Community Guidelines.

Details: